La teoría de la mente y el autismo infantil : una revisión crítica /

Detalles Bibliográficos
Autor principal: Barbolla, M.A
Otros Autores: García-Villamisar, Domingo
Formato: Libro
Lenguaje:inglés

MARC

LEADER 00000cam a2200000 a 4500
001 040041
003 UAHC_CL
005 20170803124422.0
008 060714b xx j 000 1 eng
040 |a UAHC_CL  |c UAHC_CL  |d UAHC_CL 
100 1 |a Barbolla, M.A. 
245 1 3 |a La teoría de la mente y el autismo infantil :  |b una revisión crítica /  |c M.A. Barbolla, D.A. García Villamisar. 
500 |a Revista Complutense de Educación. --Vol. 4, Nº2 (1993) pp. 11-28. 
700 1 |a García-Villamisar, Domingo 
900 |a REV. COMPLUT. EDUC.-02/93 
942 |c BK 
999 |c 40041  |d 40041